| 000 | 00000nam 2200000zi 4500 |
| 001 | 9.936056 |
| 003 | CaOODSP |
| 005 | 20251029125108 |
| 006 | m o d f |
| 007 | cr |n||||||||| |
| 008 | 240327e20240228oncd ob f|0| 0 eng d |
| 040 | |aCaOODSP|beng|erda|cCaOODSP |
| 043 | |an-cn--- |
| 086 | 1 |aYN5-244/2024E-PDF |
| 245 | 00|aPlanned capital spending under Canada's defence policy : |b2024 update. |
| 264 | 1|a[Ottawa] : |bOffice of the Parliamentary Budget Officer = Bureau du directeur parlementaire du budget, |cFebruary 28, 2024. |
| 264 | 4|c©2024 |
| 300 | |a1 online resource (13 pages) : |bcharts |
| 336 | |atext|btxt|2rdacontent |
| 337 | |acomputer|bc|2rdamedia |
| 338 | |aonline resource|bcr|2rdacarrier |
| 500 | |aIssued also in French under title: Dépenses en capital prévues au titre de la politique de défense du Canada : mise à jour de 2024. |
| 504 | |aIncludes bibliographical references (pages 12-13). |
| 610 | 10|aCanada. |bDepartment of National Defence|xAppropriations and expenditures. |
| 710 | 1 |aCanada. |bOffice of the Parliamentary Budget Officer, |eissuing body. |
| 775 | 08|tDépenses en capital prévues au titre de la politique de défense du Canada : |w(CaOODSP)9.937315 |
| 794 | |tPlanned capital spending under Canada's defence policy : |w(CaOODSP)9.956849 |
| 856 | 40|qPDF|s1.17 MB|uhttps://publications.gc.ca/collections/collection_2024/dpb-pbo/YN5-244-2024-eng.pdf |